Belgium Provinces - Statistics

General Stats
  • This quiz has been taken 18 times
  • The average score is 6 of 11
Answer Stats
Hint Answer % Correct
same name as luxembourg Luxembourg
88%
capital Bruxelles
81%
northern part of brabant Flemish-Brabant
75%
southern part of brarbant Wallon-Brabant
69%
To the west of flanders West-Flanders
69%
To the east of flanders East-Flanders
63%
it has it own wafles Liège
50%
borders with france Hainault
44%
the capital of the province is the same spelt
as the name of the province
Namur
38%
has an apart city in the netherlands Antwerp
31%
borders with the netherlands Limburg
31%
No matching quizzes found
Score Distribution
Percent of People with Each Score
Percentile by Number Answered
Your Score History
You have not taken this quiz